A Robert Bosch Elektronika Kft. indirekt beszerzési rendszerének vizsgálata

Bibliographic Details
Main Author: Nagy-Tóth Tamás
Other Authors: Mosonyiné Ádám Gizella
Format: Final Paper
Kulcsszavak:indirekt
beszerzés
Bosch
Online Access:http://dolgozattar.uni-bge.hu/10115

MARC

LEADER 00000nta a2200000 i 4500
001 dolg10115
005 20170429111129.0
008 170429suuuu hu o 000 hun d
040 |a BGE Dolgozattár Repozitórium  |b hun 
041 |a hu 
100 1 |a Nagy-Tóth Tamás 
245 1 2 |a A Robert Bosch Elektronika Kft. indirekt beszerzési rendszerének vizsgálata  |c Nagy-Tóth Tamás  |h [elektronikus dokumentum] 
516 |a Final_paper 
695 |a indirekt 
695 |a beszerzés 
695 |a Bosch 
700 1 |a Mosonyiné Ádám Gizella  |e ths 
856 4 0 |u http://dolgozattar.uni-bge.hu/10115/1/Z%C3%81R%C3%93DOLGOZAT%20V%C3%89GLEGES%20NAGYT%C3%93TH.pdf  |z Dokumentum-elérés